| 000 | 00632nam a22001817a 4500 | ||
|---|---|---|---|
| 005 | 20251108164801.0 | ||
| 008 | 250721s1997 xx 000 0 ara d | ||
| 082 | 1 | 4 | _a616.07548/أنط |
| 100 | 1 | _aسابيلا، أنطون إلياس | |
| 245 | 1 | 0 | _aمدخل إلى التصوير التشخيصي بالرنين المغناطيسي / |
| 264 | 1 |
_aبيروت : _bالمؤسسة العربية للدراسات و النشر، _c1997. |
|
| 300 | _a165ص | ||
| 650 | 1 | 7 | _aتشخيص الأمراض |
| 650 | 1 | 7 | _aالتصوير بالطنين المغنطيسي |
| 650 | 1 | 7 | _aالأمراض |
| 942 |
_2ddc _cBK |
||
| 999 |
_c14273 _d14273 |
||